Statistics for 2205-伊豆急行の駅

Click here to take the quiz!

General Stats

  • This quiz has been taken 129 times
  • The average score is 11 of 16

Answer Stats

本線% Correct
伊豆急下田
100%
伊東
99%
伊豆熱川
94%
伊豆高原
90%
伊豆稲取
89%
河津
89%
南伊東
78%
城ヶ崎海岸
71%
伊豆北川
69%
蓮台寺
67%
川奈
61%
稲梓
53%
今井浜海岸
47%
富戸
46%
伊豆大川
43%
片瀬白田
43%

Score Distribution

Percentile by Number Answered

Percent of People with Each Score

Your Score History

You have not taken this quiz